000 00298nam a22001097a 4500
008 160620b xxu||||| |||| 00| 0 eng d
100 _985
_aSmallman, S
245 _aPostman Pat's Discovery
_bPostman Pat's Discovery
260 _aG.Britain.Octopus Book.Ltd
_c1986
300 _aDiscovery
942 _2ddc
_cBK
999 _c69
_d69